| 000 | 00589cam a2200229 4500 | ||
|---|---|---|---|
| 008 | 090401t1987 xxu||||| |||| 00| 0 eng d | ||
| 020 | _a0582420369 | ||
| 035 | _a(Sirsi) u64362 | ||
| 041 | _aeng | ||
| 050 | _a691 | ||
| 100 | _aChudley, R. | ||
| 245 | _aConstruction technology. Volume 1. | ||
| 250 | _a2nd ed. | ||
| 260 |
_aHarlow _bLongman _c1987 |
||
| 300 | _axiv,245p. : ill. ; 21cm . | ||
| 350 | _a11.99 | ||
| 520 | _aSuperceded by third edition (ISBN:0582316162). | ||
| 650 | _aBUILDING TECHNOLOGY | ||
| 690 | _aBUILT ENVIRONMENT | ||
| 942 | _n0 | ||
| 948 | _c04/03/1997 | ||
| 999 |
_c94670 _d94670 |
||